00373nam a2200157Ia 4500003000400000005001700004008004100021040000700062041000800069082001500077100001700092245001400109260007100123300000900194650001200203OSt20260326123857.0250729s2010 xx 000 0 und d cAL akan a530.7 RAMU aH.S.Rama Rao aAnveshane aMangalorebKriya samshodhane mattu nuthana avishkara Vibhagac2010 a164p aScience